ბათუმის შოთა რუსთაველის სახელმწიფო უნივერსიტეტის ბიბლიოთეკა

ჩანაწერი Personal Name

ჩანაწერთა რაოდენობა, რომელიც გამოყენებულია: 1

001 - CONTROL NUMBER

  • control field: 13980

003 - CONTROL NUMBER IDENTIFIER

  • control field: GE_BSU

005 - DATE AND TIME OF LATEST TRANSACTION

  • control field: 20220606115527.0

008 - FIXED-LENGTH DATA ELEMENTS

  • fixed length control field: 220606|| aca||aabn | a|a d

040 ## - CATALOGING SOURCE

  • Original cataloging agency: GE_BSU
  • Transcribing agency: GE_BSU

100 ## - HEADING--PERSONAL NAME

  • Personal name: ფუკო, მიშელ, 1926-1984

670 ## - SOURCE DATA FOUND

  • Source citation: Work cat.: (GE_BSU): ფუკო, მიშელ, 1926-1984, ჰეტეროტოპიები, 7 დეკემბერი, 1966 = Les Heterotopies, France Culture, 7 december 1966 ; უტოპიური სხეული, 21 დეკემბერი, 1966 = Le Corps Utopique, France Culture, 21 december 1966 /